Zvířata celého světa : velký samolepkový atlas /

Hlavní autor: Hewat, Katie
Další autoři: Fleming, Garry
Jazyk: Čeština
Vydáno: Čestlice : Rebo, 2009
Vydání: 1. vyd.
Edice: Rebo dětem
Témata:
Fyzický popis: [12] s. : barev. il. ; 31 cm + samolepky ([2] l.) + 1 mapa (60 x 90 cm)
Knihy
Uloženo v:
LEADER 01840nam a2200529 a 4500
001 nkc20091993702
003 CZ PrNK
005 20100726144209.0
007 ta
008 090909s2009 xr a c f 000 0 cze
015 |a cnb001993702 
020 |a 978-80-255-0272-3  |q (brož.) 
035 |a (OCoLC)649799127 
040 |a ABA001  |b cze  |d BOA001 
041 1 |a cze  |h eng 
043 |a x------ 
072 7 |a 59  |x Zoologie  |2 Konspekt  |9 2 
072 7 |a 0/9-053.2  |x Literatura pro děti a mládež (naučná)  |2 Konspekt  |9 26 
080 |a 592/599  |2 MRF 
080 |a 591.9  |2 MRF 
080 |a (100)  |2 MRF 
080 |a (0.053.2)  |2 MRF 
080 |a (084.42)  |2 MRF 
100 1 |a Hewat, Katie  |7 jx20100617006  |4 aut 
245 1 0 |a Zvířata celého světa :  |b velký samolepkový atlas /  |c text Katie Hewat ; ilustrace Garry Fleming ; [z anglického originálu ... přeložil Tomáš Kapic] 
250 |a 1. vyd. 
260 |a Čestlice :  |b Rebo,  |c 2009 
300 |a [12] s. :  |b barev. il. ;  |c 31 cm +  |e samolepky ([2] l.) + 1 mapa (60 x 90 cm) 
490 1 |a Rebo dětem 
500 |a Listy se samolepkami všity doprostřed pub. 
521 8 |a Doporučeno pro děti od tří let 
650 0 7 |a živočichové  |7 ph136485  |2 czenas 
650 0 7 |a fauna  |7 ph114529  |z země světa  |2 czenas 
650 0 9 |a animals  |2 eczenas 
650 0 9 |a fauna  |z countries of the world  |2 eczenas 
655 7 |a publikace pro děti  |7 fd133156  |2 czenas 
655 7 |a atlasy  |7 fd131835  |2 czenas 
655 9 |a children's literature  |2 eczenas 
655 9 |a atlases  |2 eczenas 
700 1 |a Fleming, Garry  |7 mzk2005290062  |4 ill 
765 0 |t Animals  |9 Česky 
830 0 |a Rebo dětem  |0 s 
910 2 |a BOA001  |b 4-1241.809 
990 |a BK 
995 |a 01 
991 |b 201007 
996 6 |b 2610440375  |c 4-1241.809  |l MZK  |r Sklad / do 1 hodiny  |n 0  |p p.v.  |w 001127222  |u 000010  |a 1  |e BOA001  |j MZK50  |s P